000 00710nam a22002177a 4500
999 _c12468
_d12468
003 AR-CdUCM
008 190409b ||||| |||| 00| 0 spa d
020 _a978-3-310-70825-4
040 _aMUNICIPALIDAD PROVINCIAL DEL CUSCO
_cBIBLIOTECA MUNICIPAL DEL CUSCO
082 _aEP / 372 /
_bL764
100 _aLloyd Jones, Sally
_930324
245 _aThe Jesus Storybook Bible :
_bEvery atory whispers his name /
260 _aLondon :
_bZonderkidz,
_c2003.
300 _a343 paginas ;
_bIlustraciones, graficos, dibujos,
_c20 cm.
500 _aLibro en ingles
650 _aTexto educativo
_925832
650 _aIngles
_97365
650 _aLiterario
_91139
942 _2ddc
_cLIBROS
945 _apjha
_d2019-04-09